Development of apps for sports wearables devices - Suunto, Garmin, Recon

Skúsenosti tímu Vysokej školy polytechnickej v Jihlave vo vývoji pre športové wearables (nositeľné) zariadenia. Prvé hodnotenia mobilných wearables zariadení, ako aj vyvinutých aplikácií. Popis používaného hardvéru – šikovné športové hodinky Suunto Ambit 2, šikovné športové hodinky Garmin Fenix 3 a...

Descrizione completa

Salvato in:
Dettagli Bibliografici
Autore principale: Musil, Marek
Altri autori: Smrčka, František, Novotný, Jakub
Natura: Capitolo di libro
Lingua:inglese
Soggetti:
Tags: Aggiungi Tag
Nessun Tag, puoi essere il primo ad aggiungerne!!

MARC

LEADER 00000nla a2200000 4500
001 0228597
005 20240417075112.8
041 0 |a eng 
044 |a CZ 
245 1 0 |a Development of apps for sports wearables devices - Suunto, Garmin, Recon  |c Marek Musil, František Smrčka, Jakub Novotný 
520 |a Skúsenosti tímu Vysokej školy polytechnickej v Jihlave vo vývoji pre športové wearables (nositeľné) zariadenia. Prvé hodnotenia mobilných wearables zariadení, ako aj vyvinutých aplikácií. Popis používaného hardvéru – šikovné športové hodinky Suunto Ambit 2, šikovné športové hodinky Garmin Fenix 3 a šikovné športové okuliare Recon Jet. Článok uvádza špecifiká jednotlivých zariadení pre každú platformu – Suunto Script, GArmin Connect IQ a Recon OS. 
610 2 0 |a technológie informačné 
610 2 0 |a technológie komunikačné 
610 2 0 |a aplikácie mobilné 
610 2 0 |a vývoj 
610 2 0 |a školy vysoké 
610 2 0 |a Česko 
100 1 |a Musil, Marek 
700 1 |a Smrčka, František 
700 1 |a Novotný, Jakub